[Event "Halver qual-B"]
[Site "Halver"]
[Date "2001.08.31"]
[Round "1"]
[White "Reininghaus, Ralf"]
[Black "Siepe, Hans Joachim"]
[Result "0-1"]
[WhiteElo "1544"]
[BlackElo "1519"]
[PlyCount "52"]
[EventDate "2001.08.31"]
[EventType "tourn"]
[EventRounds "7"]
[EventCountry "GER"]
[SourceTitle "EXT 2007"]
[Source "ChessBase"]
[SourceDate "2006.11.23"]
[SourceVersion "1"]
[SourceVersionDate "2006.11.23"]
[SourceQuality "1"]

1. f4 Nf6 2. c4 c5 3. Nc3 Nc6 4. e4 e5 5. Nf3 exf4 6. d3 Qc7 7. Be2 Ng4 8. 0-0 Ne3 9. Bxe3 fxe3 10. Nd5 Qd6 11. Ng5 Ne5 12. Nxe3 Qh6 13. Nd5 Bd6 14. Nf3 Nxf3+ 15. Rxf3 Qxh2+ 16. Kf2 Qh4+ 17. Ke3 Qg5+ 18. Kf2 0-0 19. Qh1 f5 20. Rh3 fxe4+ 21. Kg1 Qe5 22. Rf1 Qd4+ 23. Ne3 Rxf1+ 24. Kxf1 h6 25. Nf5 Qf6 26. Ke1 Qxf5 0-1